Plats avec du Yaourt / Yogourt - Mort Subite - Statistiques

Statistiques générales
  • Ce quiz a été pris 105 fois
  • Le résultat moyen est 4 sur 16
Answers on the Grid
Answers color-coded by a green-red scale on the quiz's grid according to % correct below.
Tavë kosi
Pain naan et dahi chutney
Mast-o-khiar
Tzatziki
Kayseri mantısı
Çılbır / Œufs à la turque
Yogurt parfait
Mansaf
Chicken tikka masala
Tahchin
Poulet tandoori
Yaourt glacé aux fruits
Kaleh joosh
Sindhi biryani
Salade Waldorf
Shrikhand
Marrons glacés
Gheimeh
Fesenjan / Fesenjoon
Çoban salatası
Soan papdi
Œufs en meurette / Œufs en matelote
Poulet piri-piri / Poulet pili-pili
Salade parisienne
Gibelotte de Sorel
Chaudrée de palourdes de Nouvelle-Angleterre
Blanquette de veau
Hachis parmentier
 
Statistiques - réponses
Réponse % Correct
Yogurt parfait
81%
Yaourt glacé aux fruits
79%
Tzatziki
67%
Chicken tikka masala
37%
Çılbır / Œufs à la turque
21%
Poulet tandoori
21%
Pain naan et dahi chutney
17%
Tavë kosi
17%
Kayseri mantısı
15%
Shrikhand
15%
Sindhi biryani
12%
Salade Waldorf
12%
Mast-o-khiar
10%
Kaleh joosh
8%
Mansaf
8%
Tahchin
4%
Aucun quiz correspondant
Distribution des résultats
% des personnes avec chaque résultat
Percentile par nombre de réponses
Votre historique - résultats
Vous n’avez pas pris ce quiz